000 004670000a22001690004500
041 0 _aENG
082 0 4 _aG 253.52 C7121f
100 1 _aCollins, Gary R.
245 1 0 _aFractured personalities : The psychology of mental illness / Gary R. Collins
260 _aCarol Stream, ILL., USA : Creation
300 _a217 Pag
001 6515
942 _cBK
999 _c36785
_d36785
336 _atexto
_btxt
_2rdacontent
337 _2rdamedia
_asin mediación
_bn
338 _2rdacarrier
_avolumen
_bnc